Šport extra. Paralympionik príloha Slovenského paralympijského výboru

Bibliographic Details
Format: Journal
Language:Slovak
PhysicalDescription:zv. 30 cm
Published: Bratislava Šport Press, s.r.o. 2011-
Subjects:

MARC

LEADER 00000cas a2200000 a 4500
001 vtls011704767
003 SK-MaSNL
005 20260228164252.0
008 170728c20119999xo tr p 0 0slo
040 |a SNK  |b slo  |c SNK  |e AACR2 
041 0 |a slo 
044 |a xo  |c SK 
072 7 |a 796  |x Šport. Hry. Telesné cvičenia  |2 konspekt 
080 |a 796.034-056.26-055.1  |2 2011 
080 |a (051)-048.55  |2 2011 
080 |a 050  |2 2011 
080 |a 796/799  |2 2011 
245 0 0 |a Šport extra. Paralympionik  |b príloha Slovenského paralympijského výboru 
246 3 3 |a Paralympionik 
260 |a Bratislava  |b Šport Press, s.r.o.  |c 2011- 
300 |a zv.  |c 30 cm 
310 |a 3-4x ročne 
362 1 |a Č. 1 (31. mar. 2011)- 
500 |a Redaktori sa menia 
500 |a Zmena podnázvu: časopis Slovenského paralympijského výboru 
525 |a Je prílohou k: Šport, ISSN 0139-7001. Príloha je samostatne nepredajná 
650 0 7 |a šport  |2 SNKPH  |9 1042 
650 0 7 |a paralympionici  |2 SNKPH  |9 59773 
655 7 |a špecializované časopisy  |2 SNKPH  |9 70509 
772 0 |t Šport  |x 0139-7001  |w vtls008410755 
910 |a snk 
916 |a 2014-2016 
999 |c 12965  |d 14895 
952 |0 0  |1 0  |4 0  |7 0  |8 0  |a SNK  |b SNK  |d 2021-11-02  |i snk2021/17051  |l 0  |o snkČSB 6468/2020  |p 17A1461253  |r 2026-02-21 19:58:47  |t č. 1-3  |w 2026-02-21  |y PREZ 
952 |0 0  |1 0  |4 0  |7 0  |8 0  |a SNK  |b SNK  |d 2021-11-02  |i snk2021/17052  |l 0  |o snkČSB 6468/2020 D1  |p 17A1461254  |r 2026-02-21 19:58:47  |t č. 1-3  |w 2026-02-21  |y PREZ 
952 |0 0  |1 0  |4 0  |7 0  |8 0  |a SNK  |b SNK  |d 2020-09-14  |i snk2020/16150  |l 0  |o snkČSB 6468/2019  |p 17A1431510  |r 2026-02-21 20:19:20  |t č. 1-4  |w 2026-02-21  |y PREZ 
952 |0 0  |1 0  |4 0  |7 0  |8 0  |a SNK  |b SNK  |d 2020-09-14  |i snk2020/16151  |l 0  |o snkČSB 6468/2017  |p 17A1431511  |r 2026-02-21 20:19:20  |t č. 1-2 + 1 príl.  |w 2026-02-21  |y PREZ  |z Príl.: Príloha k MS 2017 
952 |0 0  |1 0  |4 0  |7 0  |8 0  |a SNK  |b SNK  |d 2020-09-14  |i snk2020/16152  |l 0  |o snkČSB 6468/2017 D1  |p 17A1431512  |r 2026-02-21 20:27:09  |t č. 1-2  |w 2026-02-21  |y PREZ 
952 |0 0  |1 0  |4 0  |7 0  |8 0  |a SNK  |b SNK  |d 2020-09-14  |i snk2020/16153  |l 0  |o snkČSB 6468/2019 D1  |p 17A1431513  |r 2026-02-21 20:27:09  |t č. 1-4  |w 2026-02-21  |y PREZ 
952 |0 0  |1 0  |4 0  |7 0  |8 0  |a SNK  |b SNK  |d 2020-01-08  |i snk2020/250  |l 0  |o snkČSB 6468/2018  |p 17A1386024  |r 2026-02-21 22:15:08  |t č. 1-4  |w 2026-02-21  |y PREZ 
952 |0 0  |1 0  |4 0  |7 0  |8 0  |a SNK  |b SNK  |d 2020-01-08  |i snk2020/251  |l 0  |o snkČSB 6468/2018 D1  |p 17A1386023  |r 2026-02-21 22:15:08  |t č. 1-4  |w 2026-02-21  |y PREZ 
952 |0 0  |1 0  |4 0  |7 0  |8 0  |a SNK  |b SNK  |d 2017-07-28  |f 1  |i snk2017/17357  |l 0  |o snkČSB 6468/2014  |p 17A1262893  |r 2026-02-21 22:25:39  |t č. 1-3  |w 2026-02-21  |y PREZ 
952 |0 0  |1 0  |4 0  |7 0  |8 0  |a SNK  |b SNK  |d 2017-07-28  |i snk2017/17363  |l 0  |o snkČSB 6468/2015 D1  |p 17A1262896  |r 2026-02-21 22:25:43  |t č. 1-3  |w 2026-02-21  |y PREZ 
952 |0 0  |1 0  |4 0  |7 0  |8 0  |a SNK  |b SNK  |d 2017-07-28  |f 1  |i snk2017/17364  |l 0  |o snkČSB 6468/2016  |p 17A1262897  |r 2026-02-21 22:25:43  |t č. 1-4  |w 2026-02-21  |y PREZ 
952 |0 0  |1 0  |4 0  |7 0  |8 0  |a SNK  |b SNK  |d 2017-07-28  |i snk2017/17358  |l 0  |o snkČSB 6468/2014 D1  |p 17A1262894  |r 2026-02-21 22:25:45  |t č. 1-3  |w 2026-02-21  |y PREZ 
952 |0 0  |1 0  |4 0  |7 0  |8 0  |a SNK  |b SNK  |d 2017-07-28  |f 1  |i snk2017/17359  |l 0  |o snkČSB 6468/2015  |p 17A1262895  |r 2026-02-21 22:25:46  |t č. 1-3  |w 2026-02-21  |y PREZ 
952 |0 0  |1 0  |4 0  |7 0  |8 0  |a SNK  |b SNK  |d 2017-07-28  |i snk2017/17366  |l 0  |o snkČSB 6468/2016 D1  |p 17A1262898  |r 2026-02-21 22:25:46  |t č. 1-4  |w 2026-02-21  |y PREZ